عرض عادي
عرض مارك
- Kaliampakos, D.
مدخل إسم شخص
001 - رقم الضبط
- حقل الضبط: 12071
003 - معرف رقم الضبط
- حقل الضبط: OSt
005 - تاريخ ووقت أخر عملية
- حقل الضبط: 20120427212901.0
008 - عناصر بيانات ثابتة الطول
- حقل تحكم ثابت الطول: 120427|||a|||||| | ||| d
040 ## - مصدر الفهرسة
- هيئة الفهرسة الأصلية: OSt
- وكالة الكتابة: OSt
100 ## - مدخل -- أسم شخص
- إسم شخص: Kaliampakos, D.
670 ## - بيانات المصدر موجوده
- الاستشهاد بالمصدر: Work cat.: (OSt)0: International Conference on Underground Spaces--Design, Engineering and Environmental Aspects (1st : 2008 : Wessex Institute of Technology) 12068, Underground spaces :, c2008.
